Apèndix al sistema general de toxicologia o Tractat sobre verins minerals, vegetals i animals / (Record no. 186300)

MARC details
000 -LEADER
campo de control de longitud fija 01532nam a2200337 i 4500
001 - NÚMERO DE CONTROL
campo de control 186300
003 - IDENTIFICADOR DE NÚMERO DE CONTROL
campo de control SpMaBN
005 - FECHA Y HORA DE LA ÚLTIMA TRANSACCIÓN
campo de control 20231207131342.0
008 - DATOS DE LONGITUD FIJA--INFORMACIÓN GENERAL
campo de control de longitud fija 161005r20081821sp acfh |||| |dcat d
020 ## - NÚMERO INTERNACIONAL ESTÁNDAR DEL LIBRO
Número Internacional Estándar del Libro 978-84-96664-94-4
080 ## - NÚMERO DE LA CLASIFICACIÓN DECIMAL UNIVERSAL
Número de la Clasificación Decimal Universal 615.91
100 1# - ENTRADA PRINCIPAL--NOMBRE DE PERSONA
Nombre de persona Orfila y Rotger, Mateo (
Fechas asociadas al nombre 1787-1853)
9 (RLIN) 130684
245 10 - MENCIÓN DEL TÍTULO
Título Apèndix al sistema general de toxicologia o Tractat sobre verins minerals, vegetals i animals /
Mención de responsabilidad, etc. per Mateu Orfila ; traducció, Caterina Calafat i Ripoll ; pròleg, Carles Manera Erbina ; estudi preliminar i edició, Pere Ventayol i Aguiló.
246 30 - FORMA VARIANTE DEL TITULO
Título propio/Titulo breve Tractat sobre verins, minerals, vegetals i animals
246 33 - FORMA VARIANTE DEL TITULO
Título propio/Titulo breve Appendix to the general system of toxicology
250 ## - MENCION DE EDICION
Mención de edición 2ª ed. facs.
260 ## - PUBLICACIÓN, DISTRIBUCIÓN, ETC.
Lugar de publicación, distribución, etc. Palma (Mallorca) :
Nombre del editor, distribuidor, etc. Govern de les Illes Balears, Conselleria d'Economia, Hisenda i Innovació,
Fecha de publicación, distribución, etc. 2008.
300 ## - DESCRIPCIÓN FÍSICA
Extensión 136 p. con 21 lám. col. :
Otras características físicas 1 retr. ;
Dimensiones 25 cm.
490 1# - MENCIÓN DE SERIE
Mención de serie La ciència a les Illes Balears ;
Designación de volumen o secuencia 4
500 ## - NOTA GENERAL
Nota general Índice de láminas.
534 ## - NOTA SOBRE LA VERSIÓN ORIGINAL
Frase introductoria Reprod. facs. de.
Mención de título del original Appendix to the general system of toxicology,
Publicación, distribución, etc. del original London : E. Cox, 1821.
546 ## - NOTA DE IDIOMA
Nota de lengua/lenguaje Textos en catalán e inglés.
650 #7 - PUNTO DE ACCESO ADICIONAL DE MATERIA--TÉRMINO DE MATERIA
Término de materia o nombre geográfico como elemento de entrada Venenos.
9 (RLIN) 136977
655 #7 - TERMINO DE INDIZACIÓN--GENERO/FORMA
Fuente del término tgfbne
9 (RLIN) 226495
Datos o término principal de género/forma Facsímiles
700 1# - ENTRADA AGREGADA--NOMBRE PERSONAL
Nombre de persona Ventayol i Aguiló, Pere.
9 (RLIN) 161052
710 1# - ENTRADA AGREGADA--NOMBRE DE ENTIDAD CORPORATIVA
Nombre de entidad corporativa o nombre de jurisdicción como elemento de entrada Baleares (Comunidad Autónoma).
Unidad subordinada Gobierno.
9 (RLIN) 2084
830 0# - PUNTO DE ACCESO ADICIONAL DE SERIE-TÍTULO UNIFORME
Título uniforme La ciència a les Illes Balears ;
Designación de volumen o secuencia 4
9 (RLIN) 225395
852 ## - LOCALIZACIÓN
Ubicación ES-MaACL
Número de control de estantería A-13924
itemnumber 193355
Sublocalización o colección R.151147
Ubicación en estantería Depósito 1
Signatura antigua Olim: N-6924
942 ## - ELEMENTOS DE ENTRADA SECUNDARIOS (KOHA)
Fuente del sistema de clasificación o colocación Clasificación decimal universal
Tipo de ítem Koha Libro impreso
Holdings
Estatus retirado Estado de pérdida Fuente del sistema de clasificación o colocación Estado de daño No para préstamo Biblioteca de origen Biblioteca actual Ubicación en estantería Fecha de adquisición Fuente de adquisición Total de préstamos Signatura topográfica completa Código de barras Visto por última vez Precio de reemplazo Tipo de ítem Koha
    Clasificación decimal universal     Biblioteca del Ateneo de Madrid Biblioteca del Ateneo de Madrid Depósito 1 05/10/2016 Donación   A-13924 1196431 23/02/2023 23/02/2023 Libro impreso